000
00320nam a22001457a 4500
999
_c
12149
_d
12149
020
_a
978-93-325-7558-5
082
_a
150.28
100
_a
Anne Anastasi
245
_a
Psychological Testing
250
_a
7th Edition
260
_a
New York
_b
Pearson
_c
2017
300
_a
628
650
_a
Psychology
942
_c
BK